000
00195nam a2200109Ia 4500
100
_a
SUSKIND/PATRICK.
942
_c
BK
245
_a
PERFUME
260
_b
#N/A
546
_a
ENGLISH
999
_c
34945
_d
34945